La techique de la houille blanch (Record no. 113626)

MARC details
000 -LEADER
campo de control de longitud fija 00720nam a2200217 i 4500
001 - NÚMERO DE CONTROL
campo de control 113626
003 - IDENTIFICADOR DE NÚMERO DE CONTROL
campo de control ES-MaACL
005 - FECHA Y HORA DE LA ÚLTIMA TRANSACCIÓN
campo de control 20240207124518.0
007 - CAMPO FIJO DE DESCRIPCIÓN FÍSICA--INFORMACIÓN GENERAL
campo de control de longitud fija t|
008 - DATOS DE LONGITUD FIJA--INFORMACIÓN GENERAL
campo de control de longitud fija 061121m19191920fr r ||||1| fre d
100 1# - ENTRADA PRINCIPAL--NOMBRE DE PERSONA
Nombre de persona Pacoret, Etienne.
9 (RLIN) 88161
245 13 - MENCIÓN DEL TÍTULO
Título La techique de la houille blanch
Resto del título : usines hydroélectriques , transport de l'energie electriques: electrometallurgie -electrochimie /
Mención de responsabilidad, etc. par Etienne Pacoret ; préface de M. A. Blondel.
250 ## - MENCION DE EDICION
Mención de edición 3e èd.
260 ## - PUBLICACIÓN, DISTRIBUCIÓN, ETC.
Lugar de publicación, distribución, etc. Paris :
Nombre del editor, distribuidor, etc. Tours,
Fecha de publicación, distribución, etc. 1919-1920.
300 ## - DESCRIPCIÓN FÍSICA
Extensión 4 v. ;
Dimensiones 25 cm.
650 #4 - PUNTO DE ACCESO ADICIONAL DE MATERIA--TÉRMINO DE MATERIA
9 (RLIN) 12168
Término de materia o nombre geográfico como elemento de entrada Electroquímica
700 1# - ENTRADA AGREGADA--NOMBRE PERSONAL
Nombre de persona Blondel, André (
Fechas asociadas al nombre 1863-1938)
9 (RLIN) 158712
852 ## - LOCALIZACIÓN
Ubicación ES-MaACL
Número de control de estantería B-4388-91
942 ## - ELEMENTOS DE ENTRADA SECUNDARIOS (KOHA)
Fuente del sistema de clasificación o colocación Clasificación decimal universal
Holdings
Estatus retirado Estado de pérdida Estado de daño No para préstamo Biblioteca de origen Biblioteca actual Ubicación en estantería Fecha de adquisición Fuente de adquisición Total de préstamos Signatura topográfica completa Código de barras Visto por última vez Precio de reemplazo Tipo de ítem Koha
        Biblioteca del Ateneo de Madrid Biblioteca del Ateneo de Madrid Sala Pardo Bazán 17/01/2008     B-4388-91 1118503 23/02/2023 23/02/2023 Libro impreso